000 00803nam a22002537a 4500
003 DO-SdBNP
005 20220302123047.0
008 171020b 2015 dr|| 00| 0 spa d
020 _a9789945167085
040 _aBPMSU
_bspa
_cBPMSU
082 _222
_a796.83
_bN714r 2015
100 1 _aGómez, Carlos Nina
245 1 0 _aRanking mundial del boxeo :
_blos 30 más grandes de la historia /
_cCarlos Nina Gómez ; prólogo Chon Romero
260 _aSanto Domingo :
_bBúho,
_c2015.
300 _a456 p. :
_bil. ;
_c23 cm.
500 _aCorrección y revisión.
590 _6Inventariado, 2021/VM
650 4 _aBoxeadores
_xHistoria
_v
_z
700 _aRomero, Chon,
_epról.
910 _aVMateo V.
942 _2ddc
_cBK
945 _aInventariado / 2017 VM
956 _aBTAVAREZ
_b10
_c20172010
_d0038
999 _c12660
_d12660